| 000 | 00428pab a2200145 454500 | ||
|---|---|---|---|
| 008 | 180718b1988 xxu||||| |||| 00| 0 eng d | ||
| 100 | _aVenkatapathy, R | ||
| 245 | _aSelf concept (conative)in relation to first generation entrepreneurs and second generation entrepreneurs | ||
| 260 | _c1988 | ||
| 300 | _a312-9 | ||
| 362 | _aJan. | ||
| 650 | _aEntreprenerus | ||
| 773 | _aIndian Journal of Industrial Relations | ||
| 909 | _a7622 | ||
| 999 |
_c7622 _d7622 |
||